000 01018cam a22003257a 4500
003 CHAP
005 20220329142933.0
008 050317d2002 eu r 00110 eng d
010 _a89856
011 _a90828
020 _a1578081904
035 _a101385
040 _cCHAP
082 0 4 _a633.1
_bC47
100 0 0 _aChopra, V. L.
_eed.
_922877
245 1 0 _aEvolution and adaptation of cereal crops
_c/ed. by V. L. Chopra and Shyam Prakash
260 _aEnfield, New Pampshire :
_bScience publishers,
_c2002.
300 _a290 p.
590 _aBATCH-UPD
_b10
_c20130110
_lUCH01
_h0334
590 _aBATCH-UPD
_b10
_c20130410
_lUCH01
_h0007
590 _aBATCH-UPD
_b10
_c20130914
_lUCH01
_h0915
590 _aCONVERSION
_b10
_c20130109
_lUCH01
_h1350
650 1 4 _aCereales
_xAnálisis.
_921382
650 1 4 _aCereales
_xInvestigación.
_921429
700 0 _aPrakash, Shyam
_eed.
_991290
901 _aBK
905 _aLilia
942 _cLIBRO
949 _a633.1 C47
_bBC
_cLIBRO
_d33724000952826
_eLIBRO
_h105200
_i101385
_si
999 _c89856
_d89856